000 00585nam a22002057a 4500
003 OSt
005 20180319144723.0
008 180319b xxu||||| |||| 00| 0 eng d
020 _a9780071482806
040 _cDDC
082 _a621.38 FIT 2007
100 _aFitz, Miachael P.
_912542
245 _aFundamentals of Communications Systems
260 _aNew York; McGraw-Hill, 2007
300 _axxxii,[700]p; ill: 26.5cm
504 _aAppendices, & index included
650 _aTelecommunications system
_912543
650 _aCommunications Engineering
_912544
942 _2z
_cB_BANK
999 _c6053
_d6053